| 000 | 04788cgm a2200937Ii 4500 | ||
|---|---|---|---|
| 001 | ocn946632050 | ||
| 003 | OCoLC | ||
| 005 | 20240112115236.0 | ||
| 007 | vd cvaizq | ||
| 008 | 160311s2016 cau108 j vaeng d | ||
| 024 | 1 | 0 | _a786936850291 |
| 028 | 4 | 2 |
_a11585215 _bDisney |
| 028 | 4 | 2 |
_a135123 _bDisney |
| 035 | _a(OCoLC)946632050 | ||
| 040 |
_aOEI _beng _erda _cOEI _dWIM _dTEF _dTEFMT _dBDX _dNOG _dGK8 _dTYV _dIK2 _dPX0 _dBUR _dRB0 _dUINTA |
||
| 041 | 1 |
_aeng _aspa _afre _heng |
|
| 046 | _k2016 | ||
| 049 | _aUCLB | ||
| 050 | 4 |
_aPN1997.2 _b.Z66 2016 |
|
| 082 | 0 | 4 |
_a791.43/72 _223 |
| 092 | _aEDVD | ||
| 245 | 0 | 0 | _aZootopia |
| 257 | _aUnited States | ||
| 264 | 1 |
_aBurbank, CA : _bBuena Vista Home Entertainment, _c2016. |
|
| 300 |
_a1 videodisc (approximately 108 minutes) : _bsound, color ; _c4 3/4 in. |
||
| 336 | _atwo-dimensional moving image | ||
| 337 | _avideo | ||
| 338 | _avideodisc | ||
| 340 | _b4 3/4 in. | ||
| 500 | _aOriginally released as a motion picture in 2016. | ||
| 500 | _aWidescreen (2.39:1). | ||
| 500 | _aBonus extras: Scoretopia; "Try Everything" music video by Shakira. | ||
| 508 | _aMusic, Michael Giacchino ; film editor, Jeremy Milton, Fabienne Rawley ; art direction, Matthias Lechner ; production design, David Goetz, Dan Cooper. | ||
| 511 | 1 | _aVoices of: Ginnifer Goodwin, Jason Bateman, Idris Elba, Jenny Slate, Nate Torrence, Bonnie Hunt, Don Lake, Tommy Chong, J.K. Simmons, Octavia Spencer, Alan Tudyk, Shakira, Raymond S. Persi. | |
| 520 | _aZootopia is a city like no other that is comprised of habitat neighborhoods like ritzy Sahara Square and frigid Tundratown, it's a melting pot where animals from every environment live together. But when optimistic Officer Judy Hopps arrives, she discovers that being the first bunny on a police force of big, tough animals isn't so easy. Determined to prove herself, she jumps at the opportunity to crack a case, even if it means partnering with a fast-talking, scam-artist fox, Nick Wilde. | ||
| 521 | 8 | _aMPAA rating: PG, for some thematic elements, rude humor, and action. | |
| 538 | _aDVD, NTSC region 1, widescreen (2.39:1) presentation; 5.1 Dolby Digital, 2.0 Dolby Digital. | ||
| 546 | _aIn English, Spanish, or French; Spanish or French subtitles; English subtitles for the deaf and hard-of-hearing (SDH); English descriptive audio track for people with visual disabilities. | ||
| 650 | 0 |
_aAnimals _vJuvenile drama. _95714203 |
|
| 650 | 0 |
_aPolice _vJuvenile drama. _96480310 |
|
| 650 | 1 |
_aAnimals _vDrama. _95740305 |
|
| 650 | 1 |
_aPolice _vDrama. _95713448 |
|
| 655 | 7 |
_aChildren's films. _2lcgft |
|
| 655 | 7 |
_aAnimated films. _2lcgft |
|
| 655 | 7 |
_aAnimal films. _2lcgft |
|
| 655 | 7 |
_aPolice films. _2lcgft _95727194 |
|
| 655 | 7 |
_aFiction films. _2lcgft |
|
| 655 | 7 |
_aFeature films. _2lcgft |
|
| 655 | 7 |
_aVideo recordings for the hearing impaired. _2lcgft |
|
| 655 | 7 |
_aVideo recordings for people with visual disabilities. _2lcgft _95676923 |
|
| 700 | 1 |
_aMoore, Rich _q(Richard), _efilm director, _escreenwriter. _95913420 |
|
| 700 | 1 |
_aBush, Jared, _efilm director, _escreenwriter. _96480311 |
|
| 700 | 1 |
_aHoward, Byron, _efilm director, _escreenwriter. _95699142 |
|
| 700 | 1 |
_aJohnston, Phil, _escreenwriter. _95732059 |
|
| 700 | 1 |
_aTrinidad, Josie, _escreenwriter. _96480312 |
|
| 700 | 1 |
_aReardon, Jim, _escreenwriter. _95732060 |
|
| 700 | 1 |
_aLee, Jennifer _c(Screenwriter), _escreenwriter. _95887911 |
|
| 700 | 1 |
_aFogelman, Dan, _escreenwriter. _95699144 |
|
| 700 | 1 |
_aSpencer, Clark, _efilm producer. _969451 |
|
| 700 | 1 |
_aGoodwin, Ginnifer, _evoice actor. _970895 |
|
| 700 | 1 |
_aBateman, Jason, _evoice actor. _970200 |
|
| 700 | 1 |
_aElba, Idris, _evoice actor. _971872 |
|
| 700 | 1 |
_aSlate, Jenny, _d1982- _evoice actor. _95913423 |
|
| 700 | 1 |
_aTorrence, Nate, _d1977- _evoice actor. _95913424 |
|
| 700 | 1 |
_aHunt, Bonnie, _evoice actor. _963292 |
|
| 700 | 1 |
_aLake, Don, _evoice actor. _968348 |
|
| 700 | 1 |
_aChong, Thomas, _d1938- _evoice actor. _938391 |
|
| 700 | 1 |
_aSimmons, J. K., _evoice actor. _962252 |
|
| 700 | 1 |
_aSpencer, Octavia, _evoice actor. _971498 |
|
| 700 | 1 |
_aTudyk, Alan, _evoice actor. _969400 |
|
| 700 | 0 |
_aShakira, _evoice actor. _962580 |
|
| 700 | 1 |
_aPersi, Raymond S., _evoice actor. _95913425 |
|
| 710 | 2 |
_aWalt Disney Pictures, _epresenter. |
|
| 710 | 2 |
_aWalt Disney Animation Studios, _eproduction company. _95699145 |
|
| 710 | 2 |
_aBuena Vista Home Entertainment (Firm), _efilm distributor. _964615 |
|
| 730 | 0 | 2 | _aZootopia (Motion picture) |
| 730 | 0 | 2 |
_aZootopia (Motion picture). _lSpanish. _96480313 |
| 730 | 0 | 2 |
_aZootopia (Motion picture). _lFrench. _95913428 |
| 856 | 7 |
_3View cover art _uhttp://midwesttapes.com/images/movies/000/000/000/011/585/000000000011585215.jpg _2http |
|
| 942 |
_2ddc _cDVD |
||
| 999 |
_c210326 _d210326 |
||